Normal view MARC view
  • Eddins, Steven L.,

Entry Personal Name

Number of records used in: 2

001 - CONTROL NUMBER

  • control field: 102613

003 - CONTROL NUMBER IDENTIFIER

  • control field: NUST

005 - DATE AND TIME OF LATEST TRANSACTION

  • control field: 20221115113730.0

008 - FIXED-LENGTH DATA ELEMENTS

  • fixed length control field: 221115|| aca||aabn | a|a d

040 ## - CATALOGING SOURCE

  • Original cataloging agency: NUST
  • Transcribing agency: NUST

100 ## - HEADING--PERSONAL NAME

  • Personal name: Eddins, Steven L.,
  • Dates associated with a name: 1964-

670 ## - SOURCE DATA FOUND

  • Source citation: Work cat.: (NUST)182852: Gonzalez, Rafael C., Digital Image processing using MATLAB /, c2004.
© 2023 Central Library, National University of Sciences and Technology. All Rights Reserved.